Statistics for American TV by Antonyms

Click here to take the quiz!

General Stats

  • This quiz has been taken 31,094 times
  • The average score is 15 of 20

Answer Stats

AntonymsTV Show% Correct
Sad NightsHappy Days
98%
FoundLost
98%
The Running LivingThe Walking Dead
95%
Fixing GoodBreaking Bad
95%
EnemiesFriends
93%
Small HateBig Love
92%
DemonAngel
91%
Single Without ParentsMarried With Children
85%
VillainsHeroes
84%
Queen of the ValleyKing of the Hill
82%
Minor MomMajor Dad
82%
Chastity and the CountrySex and the City
77%
Shrinking ComfortsGrowing Pains
61%
Lowering DespairRaising Hope
55%
Anarchy & ChaosLaw & Order
54%
The BassesThe Sopranos
52%
Sane About MeMad About You
52%
Old BoyNew Girl
46%
Southern ConcealmentNorthern Exposure
43%
NunMonk
43%

Score Distribution

Percentile by Number Answered

Percent of People with Each Score

Your Score History

You have not taken this quiz